000 00400nam a2200181Ia 4500
001 16702
005 20260306170330.0
008 260306t1966||||xx |||||||||||||| ||und||
041 _aESP
082 _a349.6
_bI451
100 _aIlarregui, Pablo
_eAUT
245 0 _aTemas forales
260 _c1966
300 _a522 P.
_c21 cm.
650 _aGEN
654 _aCDE
942 _cLIB
_dJUS
_fJUS
_2ddc
_n
999 _c16702
_d16702